000 00710nab a2200229u 4500
001 22942
003 HDC
007 c| |||a|c|aaaa
008 210311b99990405my ||||o |||| 00| 0 eng d
040 _aHDC
245 0 _aKetiadaan Badan Sijil Halal Global Kata TPM
336 _atext
_2rdacontent
337 _acomputer
_2rdamedia
338 _aonline resource
_2rdacarrier
650 _ahalal certificate
_9482
650 _ahalal logo
_91692
710 _aWarta Daily
856 _zRequest full-text at [email protected]
942 _2lcc
942 _cNEWS
942 _kNWS0 005098
999 _c20258
_d20258